000 00754nam a2200241Ia 4500
003 OSt
005 20220926011851.0
006 a|||||r|||| 00| 0
007 ta
008 220923b |||||||| |||| 00| 0 eng d
037 _cGeneral Book
040 _aRTL
_cRTL
_beng
041 _2eng
_aeng
082 _aXM85:6, K9/TD
100 _aBurton John C Ed.
_9315175
245 0 _aCorporate financial reporting
_b Conflicts and chall
260 _aNew York
_bAmerican Institute of Certified Public Accounts
_c1969
300 _a274p
_ccm.
490 _aAmerican Institute of Certified Public Accounts, Publications
650 _aMultinational
942 _hXM85:6, K9/TD
_cGB
_2CC
999 _c621214
_d621214